000
00367nam a22001217a 4500
999
_c
13706
_d
13706
082
_a
891.4915
_b
ن ا ص
100
_a
ناصر کاظمی
245
_a
کلیات ناصر
_c
ناصر کاظمی
260
_a
لاہور
_b
جہانگیر بک ڈپو
_c
٢٠٠٥
300
_a
(١١٠؛١٨)صفحات
650
_a
Poetry
_a
Nasit Kazmi
_a
Kulyat e Nasir
942
_c
BK